Ngữ pháp tiếng việt ( Tiếng - Từ ghép - Từ đoản ): Dùng cho sinh viên, nghiên cứu sinh và bồi dưỡng gióa viên Ngữ văn

Na minha lista:
Detalhes bibliográficos
Autor principal: Nguyễn Tài Cẩn
Formato: Livro
Idioma:Undetermined
Publicado em: H. ĐHQG 2003
Assuntos:
Tags: Adicionar Tag
Sem tags, seja o primeiro a adicionar uma tag!
Thư viện lưu trữ: Trung tâm Học liệu Trường Đại học Cần Thơ
LEADER 00653nam a2200193Ia 4500
001 CTU_55591
008 210402s9999 xx 000 0 und d
020 |b 28000 
082 |a 495.9225 
082 |b C121 
100 |a Nguyễn Tài Cẩn 
245 0 |a Ngữ pháp tiếng việt ( Tiếng - Từ ghép - Từ đoản ): Dùng cho sinh viên, nghiên cứu sinh và bồi dưỡng gióa viên Ngữ văn 
245 0 |c Nguyễn Tài Cẩn 
260 |a H. 
260 |b ĐHQG 
260 |c 2003 
650 |a vietnamese language 
650 |x grammar 
980 |a Trung tâm Học liệu Trường Đại học Cần Thơ